| 000 | 005260000a22001810004500 | ||
|---|---|---|---|
| 003 | MACL | ||
| 005 | 20160402110720.0 | ||
| 008 | 160402b xxu||||| |||| 00| 0 eng d | ||
| 040 |
_aMACL _cMACL |
||
| 041 | _aHindi | ||
| 082 | _a370 | ||
| 100 |
_aकुमार नरेश _949879 |
||
| 245 | _aशिक्षा की आवश्यकताए | ||
| 260 |
_bविज्ञान भारती _c2001 _aगाजियाबाद |
||
| 350 | _a150 | ||
| 650 |
_aEducation _949880 |
||
| 942 |
_cHIN _k370 _2ddc |
||
| 999 |
_c10432 _d10432 |
||